Hauptstädte am nächsten an Nikosia - Statistiken

Allgemein
  • Dieses Quiz wurde 123 mal gespielt
  • Das Durchschnittsergebnis liegt bei 16 aus 20
Antwortstatistiken
km Hauptstadt % Korrekt
914 Athen
100%
530 Ankara
98%
605 Kairo
93%
417 Jerusalem
89%
244 Beirut
87%
1205 Sofia
87%
326 Damaskus
86%
1366 Tirana
85%
1201 Bukarest
83%
1033 Bagdad
82%
1533 Belgrad
80%
1283 Skopje
79%
430 Amman
78%
1343 Priština
77%
1562 Baku
76%
1235 Tiflis
74%
1127 Jerewan
70%
1462 Podgorica
65%
1518 Kuwait-Stadt
57%
1370 Chișinău
50%
Keine übereinstimmenden Quizze gefunden
Verteilung der Resultate
Anzahl Personen mit jedem Resultat
Perzentil nach korrekt beantworteten Fragen
Ihre Resultats-Entwicklung
Sie haben dieses Quiz noch nicht gespielt